Honti lapok a honti régió havilapja
| New Title: | Régiónk Hontianske listy - Honti lapok Honti lapok |
|---|---|
| Other Authors: | , |
| Format: | Journal |
| Language: | Hungarian Slovak |
| PhysicalDescription: | zv. 30 cm |
| Published: |
Ipolyság
Rek-S
1991-
Ipolyság Ipolysági Városi Kulturális Központ Ipolyság Ipolyság városi önkormányzata Ipolyság Ipolysági Városi Hivatal |
| ISSN: | 1338-922X |
| Subjects: | |
| Online Access: | http://hu.sahy.sk/honti-lapok.phtml?id3=21297 |
MARC
| LEADER | 00000cas a2200000 a 4500 | ||
|---|---|---|---|
| 001 | vtls008771984 | ||
| 003 | SK-MaSNL | ||
| 005 | 20260429213120.0 | ||
| 008 | 060609c19929999xo mr p 0 b0hun | ||
| 022 | |a 1338-922X | ||
| 040 | |a SNK |b slo |c SNK |e AACR2 | ||
| 041 | 0 | |a hun |a slo | |
| 043 | |a e-xo--- | ||
| 044 | |a xo |c SK | ||
| 072 | 7 | |a 352/354 |x Stupne miestnej, oblastnej a ústrednej správy |2 konspekt | |
| 072 | 7 | |a 394 |x Verejný a spoločenský život. Každodenný život |2 konspekt | |
| 072 | 7 | |a 316.7 |x Sociológia kultúry. Kultúrny život |2 konspekt | |
| 080 | |a 353.9 |2 2011 | ||
| 080 | |a 394 |2 2011 | ||
| 080 | |a 316.728 |2 2011 | ||
| 080 | |a 050 |2 2011 | ||
| 080 | |a (051)+(054) |2 2011 | ||
| 210 | 0 | |a Honti lapok | |
| 222 | 0 | |a Honti lapok | |
| 245 | 0 | 0 | |a Honti lapok |b a honti régió havilapja |
| 260 | |a Ipolyság |b Rek-S |c 1991- | ||
| 260 | 2 | |3 4/1995-8/2003 |a Ipolyság |b Ipolysági Városi Kulturális Központ | |
| 260 | 3 | |3 10/2003- |a Ipolyság |b Ipolyság városi önkormányzata | |
| 260 | 2 | |3 9/2003 |a Ipolyság |b Ipolysági Városi Hivatal | |
| 300 | |a zv. |c 30 cm | ||
| 310 | |a 1x mesačne | ||
| 362 | 0 | |a I. évf., 1. sz. (1992)- | |
| 500 | |a Popis podľa: III. évf. 5. sz. (1994) | ||
| 500 | |a Šéfredaktor: ?-3/1995, Árpád Turczi ; 4/1995- , Péter Štrba | ||
| 500 | |a Zmena podnázvu: od č. 4/1995- , a Hont-Ipoly menti régió havilapja | ||
| 500 | |a Evidenčné č.: EV 517/08 ; EV 3811/09 | ||
| 500 | |a Č. 4-5/1995 chybne označený roč. III. ; č. 4/2006 chybne označené ako č. 3/2006 ; č. 2/2007 chybne označené ako č. 1/2007 ; č. 1/2011 chybne označený roč. XIX. | ||
| 500 | |a V č. 7-10/2013 vyšlo zvratne MyHont.sk č. 1-4/2013 ; s č. 1-6/2016 vyšli zvratne Hontianske listy | ||
| 515 | |a Niektoré čísla vychádzajú ako dvojčíslo | ||
| 546 | |a Text aj v slov. | ||
| 650 | 0 | 7 | |a územná samospráva |2 SNKPH |9 802 |
| 650 | 0 | 7 | |a každodenný život |2 SNKPH |9 4946 |
| 650 | 0 | 7 | |a spoločenský život |2 SNKPH |9 28654 |
| 651 | 7 | |a Hont (Slovensko : region) |2 SNKPH |9 164709 | |
| 655 | 7 | |a regionálne periodiká |2 SNKPH |9 131775 | |
| 700 | 1 | |a Turczi, Árpád |4 pbd |9 266910 | |
| 700 | 1 | |a Štrba, Peter |c (redaktor) |4 pbd |9 254548 | |
| 775 | 0 | |t Hontianske listy |x 1338-9211 | |
| 785 | 0 | 1 | |t Régiónk |
| 785 | 0 | 1 | |t Hontianske listy - Honti lapok |
| 785 | 0 | 1 | |t Honti lapok |x 1338-922X |
| 856 | 4 | 1 | |u http://hu.sahy.sk/honti-lapok.phtml?id3=21297 |
| 910 | |a snk | ||
| 916 | |a 1994-2016, 2017-2019 | ||
| 999 | |c 2997 |d 4927 | ||
| 952 | |t sz. 1-12 |a SNK |b SNK |y PREZ |7 0 |p 17A1520268 |o snkČSB 4942/30/2021 |i snk2023/8213 |8 0 |0 0 |1 0 |4 0 |d 2023-05-23 |l 0 |r 2026-02-21 19:47:21 |w 2026-02-21 | ||
| 952 | |t sz. 1-12 |a SNK |b SNK |y PREZ |7 0 |p 17A1520267 |o snkČSB 4942/31/2022 |i snk2023/8215 |8 0 |0 0 |1 0 |4 0 |d 2023-05-23 |l 0 |r 2026-02-21 19:47:21 |w 2026-02-21 | ||
| 952 | |t sz. 1-12 |a SNK |b SNK |y PREZ |7 0 |p 17A1436236 |o snkČSB 4942/29/2020 |i snk2021/18356 |8 0 |z Č. 4-5/2020 nevydali |f 1 |0 0 |1 0 |4 0 |d 2021-11-16 |l 0 |r 2026-02-21 19:59:37 |w 2026-02-21 | ||
| 952 | |t sz. 1-12 |a SNK |b SNK |y PREZ |7 0 |p 17A1558337 |o snkČSB 4942/32/2023 |i snk2025/17504 |8 0 |0 0 |1 0 |4 0 |d 2025-11-03 |l 0 |r 2026-02-21 20:12:06 |w 2026-02-21 | ||
| 952 | |t sz. 1-12 |a SNK |b SNK |y PREZ |7 0 |p 17A1558338 |o snkČSB 4942/33/2024 |i snk2025/17505 |8 0 |0 0 |1 0 |4 0 |d 2025-11-03 |l 0 |r 2026-02-21 20:12:06 |w 2026-02-21 | ||
| 952 | |t sz. 1-12 |a SNK |b SNK |y PREZ |7 0 |p 17A1431694 |o snkČSB 4942/28/2019 |i snk2020/16851 |8 0 |f 1 |0 0 |1 0 |4 0 |d 2020-09-23 |l 0 |r 2026-02-21 22:02:25 |w 2026-02-21 | ||
| 952 | |t sz. 1-12 |a SNK |b SNK |y PREZ |7 0 |p 17A1431693 |o snkČSB 4942/27/2018 |i snk2020/16843 |8 0 |f 1 |0 0 |1 0 |4 0 |d 2020-09-23 |l 0 |r 2026-02-21 22:04:10 |w 2026-02-21 | ||
| 952 | |t sz. 1-13, neúplné |a SNK |b SNK |y PREZ |7 0 |p 17A0899843 |o snkČSB 4942/3/1994 |i snkČSP 3154/99 |z Chýba č. 1-4 |f 1 |0 0 |1 0 |4 0 |d 2017-11-20 |l 0 |r 2026-02-21 22:12:15 |w 2026-02-21 | ||
| 952 | |t sz. 1-10 |a SNK |b SNK |y PREZ |7 0 |p 17A0899842 |o snkČSB 4942/4/1995 |i snkČSP 3152/99 |f 1 |0 0 |1 0 |4 0 |d 2017-11-20 |l 0 |r 2026-02-21 22:12:15 |w 2026-02-21 | ||
| 952 | |t sz. 1-12 |a SNK |b SNK |y PREZ |7 0 |p 17A0899764 |o snkČSB 4942/5/1996 |i snkČSP 3150/99 |f 1 |0 0 |1 0 |4 0 |d 2017-11-20 |l 0 |r 2026-02-21 22:12:15 |w 2026-02-21 | ||
| 952 | |t sz. 1-12 |a SNK |b SNK |y PREZ |7 0 |p 17A0899762 |o snkČSB 4942/6/1997 |i snkČSP 3148/99 |f 1 |0 0 |1 0 |4 0 |d 2017-11-20 |l 0 |r 2026-02-21 22:12:15 |w 2026-02-21 | ||
| 952 | |t sz. 1-12 |a SNK |b SNK |y PREZ |7 0 |p 17A0899841 |o snkČSB 4942/7/1998 |i snkČSP 3146/99 |f 1 |0 0 |1 0 |4 0 |d 2017-11-20 |l 0 |r 2026-02-21 22:12:15 |w 2026-02-21 | ||
| 952 | |t sz. 1-13, neúplné |a SNK |b SNK |y PREZ |7 0 |p 17A1266148 |o snkČSB 4942/3/1994 D1 |i snkČSP 3155/99 |z Chýba č. 1-4 |0 0 |1 0 |4 0 |d 2017-11-20 |l 0 |r 2026-02-21 22:12:15 |w 2026-02-21 | ||
| 952 | |t sz. 1-10 |a SNK |b SNK |y PREZ |7 0 |p 17A1266149 |o snkČSB 4942/4/1995 D1 |i snkČSP 3153/99 |0 0 |1 0 |4 0 |d 2017-11-20 |l 0 |r 2026-02-21 22:12:15 |w 2026-02-21 | ||
| 952 | |t sz. 1-12 |a SNK |b SNK |y PREZ |7 0 |p 17A1266150 |o snkČSB 4942/5/1996 D1 |i snkČSP 3151/99 |0 0 |1 0 |4 0 |d 2017-11-20 |l 0 |r 2026-02-21 22:12:16 |w 2026-02-21 | ||
| 952 | |t sz. 1-12 |a SNK |b SNK |y PREZ |7 0 |p 17A1266151 |o snkČSB 4942/6/1997 D1 |i snkČSP 3149/99 |0 0 |1 0 |4 0 |d 2017-11-20 |l 0 |r 2026-02-21 22:12:16 |w 2026-02-21 | ||
| 952 | |t sz. 1-12 |a SNK |b SNK |y PREZ |7 0 |p 17A1266152 |o snkČSB 4942/7/1998 D1 |i snkČSP 3147/99 |0 0 |1 0 |4 0 |d 2017-11-20 |l 0 |r 2026-02-21 22:12:18 |w 2026-02-21 | ||
| 952 | |t sz. 1-12, neúplné |a SNK |b SNK |y PREZ |7 0 |p 17A1266153 |o snkČSB 4942/8/1999 |i snk2017/25498 |8 0 |z Chýba č. 4,5 |f 1 |0 0 |1 0 |4 0 |d 2017-11-20 |l 0 |r 2026-02-21 22:12:18 |w 2026-02-21 | ||
| 952 | |t sz. 1-12 |a SNK |b SNK |y PREZ |7 0 |p 17A1266154 |o snkČSB 4942/9/2000 |i snk2017/25500 |8 0 |f 1 |0 0 |1 0 |4 0 |d 2017-11-20 |l 0 |r 2026-02-21 22:12:18 |w 2026-02-21 | ||
| 952 | |t sz. 1-12 |a SNK |b SNK |y PREZ |7 0 |p 17A1266155 |o snkČSB 4942/10/2001 |i snk2017/25502 |8 0 |f 1 |0 0 |1 0 |4 0 |d 2017-11-20 |l 0 |r 2026-02-21 22:12:18 |w 2026-02-21 | ||
| 952 | |t sz. 1-12 |a SNK |b SNK |y PREZ |7 0 |p 17A1266156 |o snkČSB 4942/11/2002 |i snk2017/25507 |8 0 |f 1 |0 0 |1 0 |4 0 |d 2017-11-20 |l 0 |r 2026-02-21 22:12:18 |w 2026-02-21 | ||
| 952 | |t sz. 1-12, neúplné |a SNK |b SNK |y PREZ |7 0 |p 17A1266157 |o snkČSB 4942/12/2003 |i snk2017/25508 |8 0 |z Chýba č. 3 |f 1 |0 0 |1 0 |4 0 |d 2017-11-20 |l 0 |r 2026-02-21 22:12:18 |w 2026-02-21 | ||
| 952 | |t sz. 1-12, neúplné |a SNK |b SNK |y PREZ |7 0 |p 17A1266158 |o snkČSB 4942/13/2004 |i snk2017/25512 |8 0 |z Chýba č. 4 |f 1 |0 0 |1 0 |4 0 |d 2017-11-20 |l 0 |r 2026-02-21 22:12:18 |w 2026-02-21 | ||
| 952 | |t sz. 1-12, neúplné |a SNK |b SNK |y PREZ |7 0 |p 17A1266159 |o snkČSB 4942/14/2005 |i snk2017/25518 |8 0 |z Chýba č. 3 |f 1 |0 0 |1 0 |4 0 |d 2017-11-20 |l 0 |r 2026-02-21 22:12:18 |w 2026-02-21 | ||
| 952 | |t sz. 1-12 |a SNK |b SNK |y PREZ |7 0 |p 17A1266160 |o snkČSB 4942/15/2006 |i snk2017/25520 |8 0 |f 1 |0 0 |1 0 |4 0 |d 2017-11-20 |l 0 |r 2026-02-21 22:12:18 |w 2026-02-21 | ||
| 952 | |t sz. 1-12 |a SNK |b SNK |y PREZ |7 0 |p 17A1266161 |o snkČSB 4942/16/2007 |i snk2017/25524 |8 0 |f 1 |0 0 |1 0 |4 0 |d 2017-11-20 |l 0 |r 2026-02-21 22:12:18 |w 2026-02-21 | ||
| 952 | |t sz. 1-12 |a SNK |b SNK |y PREZ |7 0 |p 17A1266162 |o snkČSB 4942/17/2008 |i snk2017/25525 |8 0 |f 1 |0 0 |1 0 |4 0 |d 2017-11-20 |l 0 |r 2026-02-21 22:12:18 |w 2026-02-21 | ||
| 952 | |t sz. 1-12 |a SNK |b SNK |y PREZ |7 0 |p 17A1266163 |o snkČSB 4942/18/2009 |i snk2017/25526 |8 0 |f 1 |0 0 |1 0 |4 0 |d 2017-11-20 |l 0 |r 2026-02-21 22:12:18 |w 2026-02-21 | ||
| 952 | |t sz. 1-12 |a SNK |b SNK |y PREZ |7 0 |p 17A1266164 |o snkČSB 4942/19/2010 |i snk2017/25528 |8 0 |f 1 |0 0 |1 0 |4 0 |d 2017-11-20 |l 0 |r 2026-02-21 22:12:18 |w 2026-02-21 | ||
| 952 | |t sz. 1-12 |a SNK |b SNK |y PREZ |7 0 |p 17A1266165 |o snkČSB 4942/20/2011 |i snk2017/25534 |8 0 |f 1 |0 0 |1 0 |4 0 |d 2017-11-20 |l 0 |r 2026-02-21 22:12:18 |w 2026-02-21 | ||
| 952 | |t sz. 1-12 |a SNK |b SNK |y PREZ |7 0 |p 17A1266166 |o snkČSB 4942/21/2012 |i snk2017/25537 |8 0 |f 1 |0 0 |1 0 |4 0 |d 2017-11-20 |l 0 |r 2026-02-21 22:12:19 |w 2026-02-21 | ||
| 952 | |t sz. 1-12 |a SNK |b SNK |y PREZ |7 0 |p 17A1266167 |o snkČSB 4942/22/2013 |i snk2017/25547 |8 0 |f 1 |0 0 |1 0 |4 0 |d 2017-11-20 |l 0 |r 2026-02-21 22:12:19 |w 2026-02-21 | ||
| 952 | |t sz. 1-12 |a SNK |b SNK |y PREZ |7 0 |p 17A1266168 |o snkČSB 4942/23/2014 |i snk2017/25552 |8 0 |f 1 |0 0 |1 0 |4 0 |d 2017-11-20 |l 0 |r 2026-02-21 22:12:19 |w 2026-02-21 | ||
| 952 | |t sz. 1-12, neúplné |a SNK |b SNK |y PREZ |7 0 |p 17A1266169 |o snkČSB 4942/24/2015 |i snk2017/25554 |8 0 |z Chýba č. 12, dostupné iba v PDF formáte na úložisku SNK |f 1 |0 0 |1 0 |4 0 |d 2017-11-20 |l 0 |r 2026-02-21 22:12:19 |w 2026-02-21 | ||
| 952 | |t sz. 1-12, neúplné |a SNK |b SNK |y PREZ |7 0 |p 17A1266170 |o snkČSB 4942/25/2016 |i snk2017/25559 |8 0 |z Chýba č. 2-6, 11 - dostupné iba v PDF formáte na úložisku SNK |f 1 |0 0 |1 0 |4 0 |d 2017-11-20 |l 0 |r 2026-02-21 22:12:19 |w 2026-02-21 | ||
| 952 | |t sz. 1-12 |a SNK |b SNK |y PREZ |7 0 |p 17A1326642 |o snkČSB 4942/26/2017 |i snk2018/13428 |8 0 |f 1 |0 0 |1 0 |4 0 |d 2018-06-21 |l 0 |r 2026-02-21 22:13:18 |w 2026-02-21 | ||


